| 000 | 00370nam a2200133Ia 4500 | ||
|---|---|---|---|
| 008 | 240624s9999 xx 000 0 und d | ||
| 041 | _aeng | ||
| 082 | _a658.827 KAM | ||
| 100 | _aKAMBHAMMETTU SHYAM SUNDER | ||
| 245 | _aPERSONAL BRANDING AN INTRODUCTION | ||
| 260 |
_c2005 _aHyderabad _bMagnus School of Business |
||
| 300 | _aix, : 170 : p. : cm. ; 22 | ||
| 365 |
_cRS _b50 |
||
| 999 |
_c6652 _d6652 |
||